00804 2200289 4500001002100000005001500021035002000036007000300056008004100059020002200100082001900122084002100141100003000162245003700192250003200229300003000261650001800291264003100309336002100340337003000361338002300391090002200414850001200436999002200448040002200470990002200492INLIS00000000088500220240314121141 a0010-0324000432ta240314s2023 yoi g j ind d a978-623-8138-58-604223a899.221301 a899.221301 JUL t0 aJulaida AristaePengarang10aTanah berbisik /cJulaida Arista aCetakan pertama, April 2023 aviii, 90 halaman ;c20 cm 4aCerita pendek31aSleman :bBukunesia,c2023 2rdacontentateks 2rdamediaatanpa perantara 2rdacarrieravolume aCB-D.11 2023-4175 aYOPDYOG aCB-D.11/2023-4175 aYOPDYOGbinderda aCB-D.11/2023-4175